000 00482nam a22001817a 4500
003 CEME
005 20210628203934.0
008 210316b xxu||||| |||| 00| 0 eng d
020 _a0-07-002564-9
040 _c.
082 _a658.5 MOV'A
100 _aAt & T
_967920
245 _aMoving a design into production
260 _aNEWYORK
_bMCGRAW HILL
_c1993
300 _a321P
650 _aPRODUCTION PLANNING AMERICAN TELEPHONE AND TELEGRAPH COMPANY
_967921
942 _cBK
_2ddc
999 _c575602
_d575602